000 00531nam a2200205Ia 4500
003 GCL
008 140319s9999 xx 000 0 ara d
040 _aGCL /
_cGCL
082 0 4 _aط
_b371.9044
_bد ا
100 1 _aد0 م0 دنلوب
245 1 0 _aالاشكال والالوان /
_cد0 م0 دنلوب
260 _a[S.N] :
_bدار الجيل ،
_c1992
300 _a16 ص
490 _a
650 0 4 _aالتعليم
650 0 4 _aالاطفال
650 0 4 _aالرسم
650 0 4 _aالتلوين
942 _2ddc
_cBK
999 _c56799
_d56799